All 5k+ cities in Kansas on a map - Statistics

General Stats
  • This quiz has been taken 32 times
  • The average score is 24 of 63
Answers on the Map
Answers color-coded by a green-red scale on the quiz's map according to % correct below.
 
Answer Stats
City Population % Correct
Kansas City 156,607
96%
Topeka 126,587
96%
Wichita 397,532
96%
Lawrence 94,934
91%
Olathe 141,290
91%
Overland Park 197,238
91%
Manhattan 54,100
87%
Dodge City 27,788
83%
Salina 46,889
78%
Hays 21,116
70%
Leavenworth 37,351
70%
Lenexa 57,434
65%
Shawnee 67,311
65%
Emporia 24,139
57%
Pittsburg 20,646
52%
Hutchinson 40,006
48%
Liberal 19,825
48%
Atchison 10,885
43%
Garden City 28,151
43%
Colby 5,570
39%
Junction City 22,932
39%
Abilene 6,460
35%
Gardner 23,287
35%
Ottawa 12,625
35%
Andover 14,892
30%
Derby 25,625
30%
Fort Scott 7,552
30%
Great Bend 14,733
30%
Leawood 33,902
30%
Eudora 6,408
26%
Merriam 11,098
26%
Newton 18,602
26%
Prairie Village 22,957
26%
Pratt 6,603
26%
Arkansas City 11,974
22%
Coffeyville 8,826
22%
De Soto 6,118
22%
El Dorado 12,870
22%
Goddard 5,084
22%
Haysville 11,262
22%
Independence 8,548
22%
Lansing 11,239
22%
McPherson 14,082
22%
Mission 9,954
22%
Park City 8,333
22%
Parsons 9,600
22%
Ulysses 5,788
22%
Augusta 9,256
17%
Basehor 6,896
17%
Bonner Springs 7,837
17%
Concordia 5,111
17%
Iola 5,396
17%
Maize 5,735
17%
Roeland Park 6,871
17%
Tonganoxie 5,573
17%
Valley Center 7,340
17%
Wellington 7,715
17%
Winfield 11,777
17%
Bel Aire 8,262
13%
Chanute 8,722
13%
Mulvane 6,286
13%
Paola 5,768
13%
Spring Hill 7,952
13%
No matching quizzes found
Score Distribution
Percent of People with Each Score
Percentile by Number Answered
Your Score History
You have not taken this quiz